000 00340 a2200157 4500
001 186785
020 _a978-85-7635-127-6
040 _cMagnum
100 _aMurray, Roseana
240 1 0 _aO xale azul da sereia
_lpor
245 1 0 _aO xale azul da sereia
300 _a31
362 0 _a2009
697 _aLITERATURA INFANTO
942 _cBK
999 _c186785
_d186785